Statistical abstract India 2000 (Record no. 44004)

MARC details
000 -LEADER
fixed length control field 00374nam a2200121Ia 4500
082 ## - DEWEY DECIMAL CLASSIFICATION NUMBER
Classification number 31(048)(540)
Item number IND
245 #0 - TITLE STATEMENT
Title Statistical abstract India 2000
260 ## - PUBLICATION, DISTRIBUTION, ETC. (IMPRINT)
Place of publication New Delhi
Name of publisher Central Statistical Organization(Ministry o
490 ## - SERIES STATEMENT
Series statement f Statistics & Programme Implementation, Govt of India
650 ## - SUBJECT ADDED ENTRY--TOPICAL TERM
Topical Term c2001
942 ## - ADDED ENTRY ELEMENTS (KOHA)
Koha item type Books
Holdings
Withdrawn status Lost status Damaged status Not for loan Home library Current library Date acquired Source of acquisition Full call number Accession Number Koha item type
        RRII Library RRII Library 16/12/2021 Gift 31(048)(540) IND G00752 Books